00439nam a22001337a 4500003000400000005001700004008004100021020001500062040002000077100003000097245011200127260004000239300002600279OSt20150722125952.0150722s2006 sp ||||| |||| 00| 0 spa d a8495187906 bcatcCPC Girona1 aBorrell i Sabater, Miquel aEscultures a la via pública:b la Cerdanya, la Garrotxa, el Gironès, el Pla de l'Estany, el Ripollès aGironabDiputació de Gironac2006 aVol 1 (191p.)c22cm.